| 000 | 00431nam a2200169Ia 4500 | ||
|---|---|---|---|
| 008 | 220204s9999 xx 000 0 und d | ||
| 082 |
_a579.22 _bROS.14 |
||
| 100 | _aROSE, A H | ||
| 245 | 0 | _aAdvances in microbial physiology. V 14 | |
| 260 |
_aLondon _bAcademic _c1976 |
||
| 650 | _aBacteria | ||
| 650 | _aMetabolism | ||
| 650 | _aMicrobial Physiology | ||
| 650 | _aMitochondrial DNA | ||
| 700 | _aTEMPEST, D W | ||
| 942 | _cBK | ||
| 999 |
_c28679 _d28679 |
||